Statistiques concernant Différents vainqueurs de la SuperLig (Turquie)

Cliquez ici pour prendre le quiz!

Statistiques générales

  • Ce quiz a été pris 600 fois
  • Le résultat moyen est 4 sur 6

Statistiques - réponses

Nombres de titresClubs% Correct
22 foisGalatasaray SK
99%
16 foisBeşiktaş JK
97%
19 foisFenerbahçe SK
95%
1 foisİstanbul Başakşehir
66%
1 foisBursaspor
52%
7 foisTrapzonspor
6%

Distribution des résultats

Percentile par nombre de réponses

% des personnes avec chaque résultat

Votre développement - résultats

Vous n’avez pas pris ce quiz